The Naughtiest Girl (Record no. 12243)
[ view plain ]
| 000 -LEADER | |
|---|---|
| fixed length control field | 00260nam a22000977a 4500 |
| 008 - FIXED-LENGTH DATA ELEMENTS--GENERAL INFORMATION | |
| fixed length control field | 230418b |||||||| |||| 00| 0 eng d |
| 020 ## - INTERNATIONAL STANDARD BOOK NUMBER | |
| International Standard Book Number | 9780340910948 |
| 100 ## - MAIN ENTRY--PERSONAL NAME | |
| Personal name | Blyton Guid |
| 9 (RLIN) | 7607 |
| 245 ## - TITLE STATEMENT | |
| Title | The Naughtiest Girl |
| 260 ## - PUBLICATION, DISTRIBUTION, ETC. (IMPRINT) | |
| Place of publication, distribution, etc. | London |
| Name of publisher, distributor, etc. | Halder Children Books |
| Date of publication, distribution, etc. | 2015 |
No items available.